Men with Their Emmys Quiz Stats

Quiz Updated Nov 6, 2017

Challenge
Share
Tweet
Score 0/20 Timer 05:00
4 Plays Today
Actor % Correct
Michael J. Fox
86.1%
Bruce Willis
85.8%
Kelsey Grammer
78.8%
Ray Romano
77.8%
James Gandolfini
75.7%
Burt Reynolds
75.4%
Alan Alda
70.9%
Ricky Gervais
66.6%
Bill Cosby
66.2%
John Ritter
64.6%
Actor % Correct
John Lithgow
64.2%
Jim Parsons
57.4%
Bryan Cranston
56.8%
Dick Van Dyke
54.6%
Peter Falk
50.9%
Tony Shalhoub
39.7%
Eric McCormack
30.2%
Danny Thomas
28%
Jack Benny
23.8%
Robert Guillaume
20.9%

You're not logged in!

Compare scores with friends on all Sporcle quizzes.
Sign Up with Email
OR
Log In

You Might Also Like...

Show Comments

Extras

Top Quizzes Today


Score Distribution

Your Account Isn't Verified!

In order to create a playlist on Sporcle, you need to verify the email address you used during registration. Go to your Sporcle Settings to finish the process.